| 000 | 00774nam a2200205 4500 | ||
|---|---|---|---|
| 001 | 145019 | ||
| 003 | ES-MaACL | ||
| 005 | 20260302063012.0 | ||
| 007 | t| | ||
| 008 | 070214s1959 sp r ||||1| spa d | ||
| 100 | 0 |
_aSota Aburto, Alejandro de la _9107454 |
|
| 245 | 1 | 0 |
_aCuando Guiard llamaba `fiera` a `Lagartijo` / _cAlejandro de la Sota Aburto ; prólogo de Joaquín de Zuazagoitia ; ilustraciones de Nicolás Martínez Ortiz, Eduardo de la Sota Poveda. |
| 260 |
_aBilbao : _bEd. Vasca, _c1959. |
||
| 300 |
_a64 p., 3 lám. ; _c21 cm. |
||
| 700 | 1 |
_aZuazagoitia, Joaquín de. _9118382 |
|
| 700 | 1 |
_aMartínez Ortiz, Nicolás. _978294 |
|
| 700 | 1 |
_aSota Poveda, Eduardo de la. _9107455 |
|
| 852 |
_aES-MaACL _j2011-F-10 _bR.43962 |
||
| 999 |
_c145019 _d145019 |
||